000 01118cam a2200217 4500
001 WB@3612-457
008 040914n2004 000 0 eng u
035 _a(Sirsi) u127391
245 _aHouse price index for July
260 _c2004
490 _aODPM Statistical Release
_v(2004/0215) 13 September 2004
520 _aThe latest statistical report from the ODPM, "House price index July 2004", shows that the mix-adjusted average house price in the UK in July 2004 stood at £177 474. Annual house price inflation was 14.3% up from 13.9% in June 2004, in London inflation was 8.4%. For first-time buyers this rate fell to 17.6% in July, due to an increase of 2.6% in prices between June and July. They were also paying on average £143 270 for a property, however there were fewer first-time buyers entering the market. http://www.odpm.gov.uk/pns/DisplayPN.cgi?pn_id=200 4_0215
590 _aWB
590 _aWB
650 _aHOUSE PRICE INDEX
650 _aHOUSE PRICE INFLATION
650 _aHOUSE PRICE SURVEYS
650 _aHOUSING MARKET SURVEYS
690 _aHOUSING-HOUSE PRICES
942 _n0
999 _c117991
_d117991